000 00768nam a2200193Ii 4500
003 JO-AjNU
008 230605s9999||||xx |||||||||||||| ||und||
040 _aJO-AjNU
_bara
_erda
_cJO-AjNU
041 _aara
050 1 4 _aPR6035.U63.A3412 1900
100 3 _aتأليف راسل، برتراند ؛ ترجمة شاكر إبراهيم ؛ مراجعة عبد الحليم البشلاوي,
_eauthor
_918880
245 0 0 _aأحلام الأعلام وقصص أخرى
264 3 1 _aبغداد: دار الشؤون الثقافية العامة، 1900
300 _a147ص
336 _atext
_btxt
_2rdacontent
337 _aunmediated
_bn
_2rdamedia
338 _avolume
_bnc
_2rdacarrier
650 4 _aالأدب الإنجليزي - قصص إنجليزية قصيرة
_918881
999 _aA6121
_c9689
_d9689